| 000 | 01429nam1a2200301 4500 | ||
|---|---|---|---|
| 001 | RU\NLR\BIBL_A\010781027 | ||
| 005 | 20260408202401.0 | ||
| 010 | _a978-5-91954-080-9 | ||
| 035 | _a(NLR Aleph) 010781027 | ||
| 090 |
_a10068248 _c10068248 |
||
| 100 | _a20260201 rusy50 | ||
| 101 | 0 | _arus | |
| 102 | _aRU | ||
| 105 | _ay z 000 y | ||
| 200 | 1 |
_aЭксплуатационная калибровка командно-измерительных приборов автономных систем управления ракет _eмонография _e[в 3 ч.] _fВ.Е. Аксенов, Е.В. Пискулин _gВоен. акад. ракет. войск стратег. назначения им. Петра Великого (фил. в г. Серпухове Моск. обл.) |
|
| 210 |
_aСерпухов _cИзд-во Военной академии РВСН _d2014 |
||
| 215 | _d21 | ||
| 300 | _aНа обороте тит. л. авт.: В.Е. Аксенов, д.т.н., проф., Е.В. Пискулин, к.т.н. | ||
| 606 |
_aБаллистические ракеты (воен.) _xУправление _xСистемы _3RU\NLR\AUTH\661500189 _92532899 |
||
| 686 | 1 | _aЦ501.41 | |
| 700 | 1 |
_aАксенов _bВ.Е. |
|
| 701 | 1 |
_aПискулин _bЕ.В. |
|
| 852 |
_aNLR _j2015-3/18004 |
||
| 942 | _cBOOK | ||
| 980 | _aNBR | ||
| 980 | _aNB | ||